| 000 | 00541nam a22002057 4500 | ||
|---|---|---|---|
| 999 |
_c1061 _d1061 |
||
| 003 | AR-BaISA | ||
| 005 | 20220829125544.0 | ||
| 007 | ta | ||
| 008 | 220822s1998 ag ad||| |||| 000 0 spa d | ||
| 020 | _a9879705505 | ||
| 040 |
_bspa _cAR-BaISA |
||
| 082 | 0 | 4 |
_222 _aR615.1 V142va 1998 |
| 245 | 1 | 0 | _aVademecum Vallory |
| 250 | _a29ª ed. | ||
| 260 |
_aBuenos Aires: _bEdiciones Médicas, _c1998 |
||
| 300 |
_a847 p.: _bil., tablas |
||
| 650 | 1 | 0 |
_9629 _aProductos farmacéuticos |
| 650 | 1 | 0 |
_9411 _aFarmacología clínica |
| 942 |
_2ddc _cLI _e22 |
||